000 00360nam a2200133 4500
999 _c2408
_d2408
008 200228b ||||| |||| 00| 0 eng d
082 0 0 _a628.922
_bG9775
100 _91999
_aGupta, R. S.
245 1 0 _aA Handbook of fire technology /
_cby R. S. Gupta
260 _aCalcutta
_bLongman
_c1976
300 _axi, 355 p.
650 0 _aFire Prevention
942 _2ddc
_cBK